书目信息 |
| 题名: |
戴鸿慈出使九国日记
|
|
| 作者: | 戴鸿慈 著 ;陈四益 校点 | |
| 分册: | ||
| 出版信息: | 长沙 湖南人民出版社 1982.5 |
|
| 页数: | 272页 | |
| 开本: | 19cm | |
| 丛书名: | 走向世界丛书 | |
| 单 册: | ||
| 中图分类: | K257.9 | |
| 科图分类: | ||
| 主题词: | 中国--历史--1840~1949 | |
| 电子资源: | ||
| ISBN: | ||
| 000 | 00764nam0 2200253 45 | |
| 001 | 0211041582 | |
| 005 | 20060813171005.75 | |
| 010 | @dCNY0.94 | |
| 091 | @a10109.200 | |
| 100 | @a20021104d1982 km y0chiy0120 ea | |
| 101 | 0 | @achi |
| 105 | @ach z 000yy | |
| 200 | 1 | @a戴鸿慈出使九国日记@Adai hong ci chu shi jiu guo ri ji@f戴鸿慈著@FDai Hong Ci Zhu@g陈四益校点 |
| 210 | @a长沙@c湖南人民出版社@d1982.5 | |
| 215 | @a272页@c肖像,照片@d19cm | |
| 225 | @a走向世界丛书 | |
| 300 | @a清末出洋考察宪政的‘五大臣’之一的日记 | |
| 410 | @12001 @a走向世界丛书 | |
| 606 | 0 | @a中国@x历史@z1840~1949 |
| 690 | @aK257.9@v3 | |
| 701 | 0 | @a戴鸿慈@4著 |
| 702 | 0 | @a陈四益@AChen Si Yi@4校点 |
| 801 | @aCN@bTSTC@c20060813 | |
| 905 | @f3@b230582-584@dK257.9@e35 | |
| 戴鸿慈出使九国日记/戴鸿慈著/陈四益校点.-长沙:湖南人民出版社,1982.5 |
| 272页:肖像,照片;19cm.-(走向世界丛书) |
| 清末出洋考察宪政的‘五大臣’之一的日记 |
| ISBN :CNY0.94 |
| ● |
| 相关链接 |
|
|
|
|
正题名:戴鸿慈出使九国日记
索取号:K257.9/35
 
预约/预借
| 序号 | 登录号 | 条形码 | 馆藏地/架位号 | 状态 | 备注 |
| 1 | 0230582 | 001618057 | 第二借阅区/ [索取号:K257.9/35] | 在馆 | |
| 2 | 0230583 | 001617931 | 第二借阅区/ [索取号:K257.9/35] | 在馆 | |
| 3 | 0230584 | 001617977 | 第二样本阅览室/ [索取号:K257.9/35] | 在馆 | |
| 4 | 0459530 | 204595303 | 密集书库/ [索取号:K257.9/35] | 在馆 | |
| 5 | 0459531 | 204595312 | 密集书库/ [索取号:K257.9/35] | 在馆 |